[Event "GER Seniors Derby 17th"]
[Site "Wesel Undeloh"]
[Date "2018.03.16"]
[Round "4"]
[White "Denzel, Klaus"]
[Black "Zens, Rolf"]
[Result "1-0"]
[WhiteElo "1468"]
[BlackElo "1852"]
[PlyCount "69"]
[EventDate "2018.03.15"]
[EventType "swiss"]
[EventRounds "7"]
[EventCountry "GER"]
[SourceTitle "EXT 2019"]
[Source "ChessBase"]
[SourceDate "2018.10.10"]
[SourceVersion "1"]
[SourceVersionDate "2018.10.10"]
[SourceQuality "1"]

1. e4 c5 2. Nf3 d6 3. h3 Nf6 4. Nc3 a6 5. a4 e6 6. d4 cxd4 7. Nxd4 Be7 8. Bd3 Qc7 9. 0-0 0-0 10. Qe1 Nbd7 11. Be3 Nc5 12. b4 Nxd3 13. cxd3 Bd7 14. Rc1 Qb8 15. f4 b5 16. a5 Ne8 17. f5 Bf6 18. g4 Qd8 19. Nf3 Rc8 20. g5 Bxc3 21. Rxc3 exf5 22. e5 Qe7 23. Rxc8 Bxc8 24. exd6 Nxd6 25. Bc5 Qd8 26. Qe5 Nb7 27. Bxf8 Kxf8 28. d4 Be6 29. h4 Nd6 30. Qc5 Kg8 31. d5 Ne4 32. Qb6 Qxb6+ 33. axb6 Bxd5 34. Rd1 Nc3 35. Rxd5 1-0

[Event "GER Seniors Derby 17th"]
[Site "Wesel Undeloh"]
[Date "2018.03.15"]
[Round "1"]
[White "Alt, Hans Juergen"]
[Black "Denzel, Klaus"]
[Result "1-0"]
[WhiteElo "1964"]
[BlackElo "1468"]
[PlyCount "75"]
[EventDate "2018.03.15"]
[EventType "swiss"]
[EventRounds "7"]
[EventCountry "GER"]
[SourceTitle "EXT 2019"]
[Source "ChessBase"]
[SourceDate "2018.10.10"]
[SourceVersion "1"]
[SourceVersionDate "2018.10.10"]
[SourceQuality "1"]

1. c4 e6 2. g3 d5 3. Bg2 c6 4. Nf3 Nf6 5. 0-0 Bd6 6. d4 dxc4 7. a4 Nbd7 8. Qc2 0-0 9. Rd1 Qc7 10. Qxc4 Re8 11. Nc3 Nd5 12. Ne4 N7b6 13. Qc2 Nb4 14. Qb3 a5 15. Nxd6 Qxd6 16. Ne5 Qe7 17. e4 Nd7 18. Nd3 Nxd3 19. Qxd3 e5 20. Be3 exd4 21. Bxd4 Ne5 22. Qc3 f6 23. f4 Nf7 24. Bc5 Qc7 25. Qe3 Be6 26. Bb6 Qe7 27. Bf1 Bf5 28. exf5 Qxe3+ 29. Bxe3 Rxe3 30. Rd7 b5 31. axb5 cxb5 32. Bxb5 Nh6 33. Bc4+ Kf8 34. Be6 Re2 35. Rb7 Ng4 36. Rc1 Rd8 37. Rf7+ Ke8 38. Rxg7 1-0